| 000 | 00575nam a2200193Ia 4500 | ||
|---|---|---|---|
| 003 | IN-BaIIA | ||
| 008 | 211028s9999 xx 000 0 eng d | ||
| 020 | _a0-471-47810-5 | ||
| 040 | _cIIA Library | ||
| 080 |
_a52.3 _bKIN |
||
| 100 |
_aKing, Elbert A _99816 |
||
| 245 | 0 |
_aSpace Geology _ban introduction _cElbert A King |
|
| 260 |
_aNew York _bJohn Wiley & Sons _c1976 |
||
| 300 | _axiv, 349p. | ||
| 650 | _aAstronomy and Astrophysics Thesaurus | ||
| 650 |
_aPlanetary Geology _99817 |
||
| 650 | _aSpace Science | ||
| 942 | _cBK | ||
| 999 |
_c5654 _d5654 |
||